01532nab a22002537a 4500999001500000003000400015005001700019008004100036040000700077100003600084245014300120260007300263300001300336500007300349505047600422505008900898650003500987650002101022650003401043650003001077650001801107773014001125942001301265 c6330d6330OSt20260130205220.0190603e xxum|||| |||| 00| 0 spa d cPJ 97000aResqui Pizarro, Jorge C. 10aPlataformas digitales para alquileres temporarios : bel desafío del mercado inmobiliario de las locaciones /cJorge C. Resqui Pizarro.  cCiudad Autónoma de Buenos Aires :aThomson Reuters La Ley, b2025. ap. 50-61 aCita: TR LALEY AR/DOC/2279/2025 Publicado en: RCCyC 2025 (Octubre). aSumario: I. Introducción.— II. Derechos y obligaciones del huésped.— III. Derechos y obligaciones del anfitrión.— IV. Antecedente en la Ciudad Autónoma de Buenos Aires.— V. Lo que hicieron otros países con Airbnb y otras plataformas.— VI. No más Airbnb en la nueva Ley de Alquileres de Portugal.— VII. Contratos remotos, e-contracts y smart contracts en las plataformas digitales.— VIII. Firmas en el entorno digital: digital vs. electrónica.  t¿Te interesa el texto completo? Solicitalo al correo: koha@justierradelfuego.gov.ar 091497aCODIGO CIVIL Y COMERCIAL 093463aCONTRATOS  093597aLOCACIÓN DE INMUEBLES 093963aCONTRATO DE TURISMO 095264aTURISMO0 0271393170dCiudad Autónoma de Buenos Aires : Thomson Reuters La Ley, 2015-tRevista Código Civil y Comercial. Nº 5 - Octubre 2025 2udccANA